| 000 | 00999nam a2200277 a 4500 | ||
|---|---|---|---|
| 001 | ebr10344568 | ||
| 003 | CaPaEBR | ||
| 006 | m u | ||
| 007 | cr cn||||||||| | ||
| 008 | 070612s2006 rh s 000 0 eng | ||
| 010 | _z 2007380649 | ||
| 020 | _z9781779220639 | ||
| 040 |
_aCaPaEBR _cCaPaEBR |
||
| 035 | _a(OCoLC)300464215 | ||
| 043 | _af-rh--- | ||
| 050 | 1 | 4 |
_aPR9390.9.T34 _bU53 2006eb |
| 100 | 1 | _aTagwira, Valerie. | |
| 245 | 1 | 4 |
_aThe uncertainty of hope _h[electronic resource] / _cValerie Tagwira. |
| 260 |
_aHarare : _bWeaver Press, _c2006. |
||
| 300 | _avii, 368 p. | ||
| 533 |
_aElectronic reproduction. _bPalo Alto, Calif. : _cebrary, _d2013. _nAvailable via World Wide Web. _nAccess may be limited to ebrary affiliated libraries. |
||
| 651 | 0 |
_aZimbabwe _vFiction. |
|
| 655 | 7 |
_aElectronic books. _2local |
|
| 710 | 2 | _aebrary, Inc. | |
| 856 | 4 | 0 |
_uhttp://site.ebrary.com/lib/rucke/Doc?id=10344568 _zAn electronic book accessible through the World Wide Web; click to view |
| 999 |
_c48711 _d48711 |
||